| 000 | 01492cam a22003974a 4500 | ||
|---|---|---|---|
| 001 | 13783469 | ||
| 003 | OSt | ||
| 005 | 20140310182059.0 | ||
| 008 | 041116s2005 caua j 001 0beng | ||
| 010 | _a 2004026923 | ||
| 020 | _a1850152292 | ||
| 040 |
_aDLC _cDLC _dDLC |
||
| 041 | 0 |
_aeng _aspa |
|
| 042 | _apcc | ||
| 043 | _an-us--- | ||
| 050 | 0 | 0 |
_aTL 540 _b.Sp771 1990 |
| 082 | 0 | 0 |
_aHS 629.1309 _bSPR 1990 |
| 100 | 1 |
_aSproule, Anna. _912567 |
|
| 245 | 1 | 4 |
_aThe Wright brothers / _cAnna Sproule. |
| 246 | 3 | 1 |
_aHermanos Wright : _bel comienzo de la aviación |
| 250 | _aEnglish/Spanish ed. | ||
| 260 |
_aUnited Kingdom : _bExley Publication, _cc1990. |
||
| 300 |
_a64 p. : _bill. (some col.) ; _c23 cm. |
||
| 490 | 1 |
_aGiants of science bilingual = _aGigantes de la ciencia |
|
| 500 | _aIncludes index. | ||
| 600 | 1 | 0 |
_aWright, Wilbur, _d1867-1912 _vJuvenile literature. _912568 |
| 600 | 1 | 0 |
_aWright, Orville, _d1871-1948 _vJuvenile literature. _912569 |
| 650 | 0 |
_aAeronautics _zUnited States _vBiography _vJuvenile literature. _912570 |
|
| 650 | 0 |
_aAeronautics _zUnited States _xHistory _vJuvenile literature. _912571 |
|
| 830 | 0 |
_aGiants of science bilingual. _912572 |
|
| 856 | 4 | 1 |
_3Table of contents _uhttp://www.loc.gov/catdir/toc/ecip053/2004026923.html |
| 906 |
_a7 _bcbc _corignew _d1 _eecip _f20 _gy-gencatlg |
||
| 942 |
_2lcc _cHS |
||
| 999 |
_c9143 _d9143 |
||